The school for husbands : Written by a lady. In two volumes. ...

Bibliographic Details
Main Author: Lady
Format: eBook
Language:English
Series:Eighteenth century collections online.
Online Access:Full text online

MARC

Tag First Indicator Second Indicator Subfields
LEADER 00000cam a2200000 4500
001 in00001925598
006 m | d |
007 cr |n||||||||n
008 810314s1776 ie |||| s 00||||eng d
005 20260407191346.6
035 |a (CStRLIN)ESTCT119281 
040 |a Uk-ES  |c Uk-ES  |d Cu-RivES  |d CStRLIN  |d Thomson Gale  |d UtOrBLW 
100 0 |a Lady. 
245 1 4 |a The school for husbands :  |b Written by a lady. In two volumes. ... 
264 3 |a Dublin :  |b printed for S. Price, W. Whitestone, W. Watson, J. Sheppard, D. Chamberlaine, [and 27 others in Dublin],  |c 1776. 
300 |a 2 volumes(4 unnumbered pages, 124, 109-250, 2 unnumbered pages) ;  |c 12⁰. 
336 |a text  |b txt  |2 rdacontent 
337 |a computer  |b c  |2 rdamedia 
338 |a online resource  |b cr  |2 rdacarrier 
500 |a The text and register are continuous. 
500 |a Reproduction of original from the British Library. 
510 4 |a English Short Title Catalog,  |c ESTCT119281. 
533 |a Electronic reproduction.  |b Farmington Hills, Mich. :  |c Thomson Gale,  |d 2003.  |n Available via the World Wide Web.  |n Access limited by licensing agreements  |7 s2003 miunns 
500 |a Electronic resource. 
830 0 |a Eighteenth century collections online. 
856 4 0 |u http://proxy.library.tamu.edu/login?url=https://galenet.galegroup.com/servlet/ECCO?c=1&stp=Author&ste=11&af=BN&ae=T119281&tiPG=1&dd=0&dc=flc&docNum=CW111168560&vrsn=1.0&srchtp=a&d4=0.33&n=10&SU=0LRK&locID=txshracd2898  |z Full text online  |t 0 
999 |a MARS 
999 f f |s 357cc5cd-b4ef-3af5-809a-ca0766850566  |i 3f0f4535-1d53-3b8b-b361-a958002e708b  |t 0 
952 f f |a Texas A&M University  |b College Station  |c Electronic Resources  |s www_evans  |d Available Online  |t 0  |h No information provided 
998 f f |t 0  |l Available Online